000 00775nam a2200277Ia 4500
008 220216s9999 xx 000 0 und d
100 _aCros D
245 0 _aWithin-family genomic selection in rubber tree (Hevea brasiliensis) increases genetic gain for rubber production
260 _bIndustrial Crops and Products
_c2019
500 _aSource Year: 2019
650 _aGenomic selection
650 _aRubber production
700 _aAchour Z
700 _aBell J.M
700 _aBell J.M
700 _aClement-Demange A
700 _aDinh S
700 _aGuen V.L
700 _aMAsson A.D
700 _aMbo-Nkoulou L
700 _aMouman A.M
700 _aOum J
700 _aTran D.M
856 _udoi.org/10.1016/j.indcrop.2019.111464
942 _cJS
999 _c72462
_d72462